Characterizations and analysis of block designs /

Bibliographic Details
Main Author: Nigam, A. K.
Other Authors: Puri, P. D., Gupta, Vijay K.
Format: Book
Language:English
Published: New York : Wiley, 1988.
Subjects:

MARC

Tag First Indicator Second Indicator Subfields
LEADER 00000cam a2200000 a 4500
001 in00000763597
005 20151016171240.0
008 890104s1988 nyu b 00110 eng d
010 |a gb 89019216  
015 |a GB89-19216 
020 |a 0470210516 :  |c £16.90 
020 |a 8122400574 (India) 
035 |a (OCoLC)19127051 
035 |9 ADJ8744AM 
040 |a UKM  |c UKM  |d TXA  |d UtOrBLW 
049 |a TXAM  |c [A12669914] 
050 1 4 |a QA279 
050 4 |a QA279  |b .N53 1988 
082 0 4 |a 519.5  |2 19 
100 1 |a Nigam, A. K. 
245 1 0 |a Characterizations and analysis of block designs /  |c A.K. Nigam, P.D. Puri, V.K. Gupta. 
264 1 |a New York :  |b Wiley,  |c 1988. 
300 |a viii, 176 pages 
336 |a text  |b txt  |2 rdacontent 
337 |a unmediated  |b n  |2 rdamedia 
338 |a volume  |b nc  |2 rdacarrier 
504 |a Bibliography: pages [163]-173. 
500 |a Includes index. 
650 0 |a Block designs. 
653 |a Block designs 
700 1 |a Puri, P. D. 
700 1 |a Gupta, Vijay K. 
999 |a MARS 
999 f f |s ac2390b2-e095-32c3-849e-a020260432cf  |i 30b2a2cf-f538-30a5-87ef-3f02d6211c91  |t 0 
952 f f |p ric  |a Texas A&M University  |b Rellis Campus  |c Joint Library Facility  |d Remote Storage  |t 0  |e QA279 .N53 1988  |h Library of Congress classification  |i unmediated -- volume  |m A14812669914 
998 f f |a QA279 .N53 1988  |t 0  |l Remote Storage